ბათუმის შოთა რუსთაველის სახელმწიფო უნივერსიტეტის ბიბლიოთეკა

Очерки по математической теории систем. (ბიბ.ჩანაწერი № 39044)

000 -LEADER
fixed length control field 00649nam a2200205Ia 4500
001 - CONTROL NUMBER
control field 5565
003 - CONTROL NUMBER IDENTIFIER
control field GE_BSU
008 - FIXED-LENGTH DATA ELEMENTS--GENERAL INFORMATION
fixed length control field 181216s||||||||xx |||||||||||||| ||und||
040 ## - CATALOGING SOURCE
Transcribing agency GE_BSU
080 ## - UNIVERSAL DECIMAL CLASSIFICATION NUMBER
Universal Decimal Classification number 517.977ю5
100 ## - MAIN ENTRY--PERSONAL NAME
Personal name Кальман Р., Фалб И., Арбиб М.
245 ## - TITLE STATEMENT
Title Очерки по математической теории систем.
245 ## - TITLE STATEMENT
Statement of responsibility, etc. Под ред. Я.З, Ципкина.пер санглийского
260 ## - PUBLICATION, DISTRIBUTION, ETC.
Place of publication, distribution, etc. Москва
260 ## - PUBLICATION, DISTRIBUTION, ETC.
Name of publisher, distributor, etc. Мир
260 ## - PUBLICATION, DISTRIBUTION, ETC.
Date of publication, distribution, etc. 1971.
300 ## - PHYSICAL DESCRIPTION
Extent 398 с. 22 см.
653 ## - INDEX TERM--UNCONTROLLED
Uncontrolled term Очерки по математической теории систем
942 ## - ADDED ENTRY ELEMENTS (KOHA)
Koha item type წიგნი
ეგზემპლარები
Withdrawn status Lost status Damaged status Not for loan Date acquired Barcode Date last seen Price effective from Koha item type
        2018-12-17 16457 2018-12-17 2018-12-17 წიგნი